000 01219nam a2200313 a 4500
003 CO-ViMGA
005 20230915234237.0
008 141119s2014 sp gr 0001j spa d
020 _a9788415601524
040 _aCO-ViMGA
_bspa
_cCO-ViMGA
041 1 _hger
043 _ae-gx---
082 0 4 _a833.91
_bG71b
_221
100 1 _aGroddeck, Georg Walther,
_d1866-1934.
_96252
245 1 0 _aEl buscador de almas /
_cGeorg Groddeck ; postfacio de Otto Jägersberg, Alfred Polgar, Sándor Ferenczi [y otros] ; traducción de Aníbal Campos.
260 _aMadrid ;
_aMéxico D.F. :
_bEditorial Sexto Piso,
_c2014.
300 _a422 páginas ;
_c23 cm.
490 1 _aNarrativa
534 _pTítulo original :
_tDer seelensucher, ein psychoanalytischer roman.
650 1 4 _aNovela alemana.
_93231
650 1 4 _aPsicoanálisis
_v Novela.
_96253
700 1 _aCampos, José Aníbal,
_etraductor.
_96259
700 1 _aFerenczi, Sándor,
_d1873-1933,
_epostfacio.
_96256
700 1 _aFreud, Sigmund,
_d1856-1939,
_epostfacio.
_96257
700 1 _aJägersberg, Otto,
_epostfacio.
_96254
700 1 _aPolgar, Alfred,
_epostfacio.
_96255
700 1 _aRank, Otto,
_d1884-1939,
_epostfacio.
_96258
942 _2ddc
_cBK
999 _c37482
_d37482